00935nam a22002417a 450000500170000001000130001702000100003003500130004003700160005304000120006908200230008110000330010424500850013724600690022226000530029127000840034430000200042865000360044865000280048494200320051299900190054495201300056320170123162354.0 aA-442580 c25.00 aA-442580 bCen Lib/Ret aDPLbUR a615.53bن ے ش  aنیش، ای. بی 9137939 a/ نیش لیڈر cای. بی نیش [اور] مترجم محمد عرفان  aNish leader /bby E . B. Nish [and] translated by Mohammad Irfan aنیو دہلی bبی. جین پبلشر c1960 a2652/55,پہلی منزل، کوچہ چین، دریا گنجbنیو دہلی  a440p.c20cm(Hb) aمیڈیکل سائنس 9646 amadical science9137940 2ddccURh615.53mن ے ش  c109466d109466 00104070aLbLd2016-03-12eCen Lib/Refg25.00l0o615.53 ن ے شpA-442580r2016-03-12 00:00:00t1v25.00w2016-03-12yUR